Διερεύνηση μακροβένθους σε σκιόφιλες και κοραλλιγενείς βιοκοινότητες του Β.Α. Αιγαίου (Γέρα-Καλλονή) : πτυχιακή εργασία

Αποθηκεύτηκε σε:
Λεπτομέρειες βιβλιογραφικής εγγραφής
Κύριος συγγραφέας: Τερζή, Φωτεινή
Συγγραφή απο Οργανισμό/Αρχή: Πανεπιστήμιο Αιγαίου Σχολή Περιβάλλοντος Τμήμα Επιστημών της Θάλασσας
Άλλοι συγγραφείς: Κουτσούμπας, Δρόσος (Εισηγητής διατριβής)
Μορφή: Thesis Βιβλίο
Γλώσσα:Greek
Δημοσίευση: 2014
Θέματα:
Διαθέσιμο Online:http://hdl.handle.net/11610/7313
Ετικέτες: Προσθήκη ετικέτας
Δεν υπάρχουν, Καταχωρήστε ετικέτα πρώτοι!

MARC

LEADER 00000cam a2200000 i 4500
001 1/64837
008 150123s2014 gre d
035 |l 10120665 
040 |a GR-MY-UA  |b gre  |e aacr 
041 0 |a gre 
082 0 |a 578.77  |2 (23) 
100 1 |a Τερζή, Φωτεινή. 
245 1 0 |a Διερεύνηση μακροβένθους σε σκιόφιλες και κοραλλιγενείς βιοκοινότητες του Β.Α. Αιγαίου (Γέρα-Καλλονή) :  |b πτυχιακή εργασία /  |c Τερζή Φωτεινή ; επιβλέπων: Δρόσος Κουτσούμπας 
260 |c 2014 
300 |a 154 σ.;  |b εικ., πίν.;  |c 30 εκ. 
502 |a Πτυχιακή εργασία - Πανεπιστήμιο Αιγαίου, Λέσβος, 2014. 
504 |a Περιέχει βιβλιογραφία 
650 0 |a Coral reef ecology  |z Greece  |z Yera. 
650 0 |a Coral reef ecology  |z Greece  |z Kallone (Lesbos Island) 
650 0 |a Marine biological diversity  |z Greece  |z Yera. 
650 0 |a Marine biological diversity  |z Greece  |z Kallone (Lesbos Island) 
650 0 |a Mollusks  |z Greece  |z Yera. 
650 0 |a Mollusks  |z Greece  |z Kallone (Lesbos Island) 
650 0 |a Dissertations, Academic  |z Greece. 
700 1 |4 ths  |a Κουτσούμπας, Δρόσος. 
710 2 |a Πανεπιστήμιο Αιγαίου  |b Σχολή Περιβάλλοντος  |b Τμήμα Επιστημών της Θάλασσας. 
852 |a INST  |b LESVOS  |c DIATR  |e 20150123  |h 893  |p 005100055327  |q 005100055327  |t DIE  |y 23 
852 |a INST  |b LESVOS  |c DIATR  |e 20150123  |h 894  |p 005100055328  |q 005100055328  |t DIE  |y 23 
856 |u http://hdl.handle.net/11610/7313 
901 |a BIBL1-2015-1 
909 |a Λ  |b 191588 
909 |a Λ  |b 191589 
924 |a ΤΕΡΖΗ  |b ΦΩΤΕΙΝΗ  |y ΛΕΣΒΟΣ  |z 2015-01 
970 |a ΤΖΑΦΕΡΗ  |b ΕΥΑΓΓΕΛΙΑ  |z 2015/01/22